[Event "ch-RUS Rapid Women 2017"]
[Site "Sochi RUS"]
[Date "2017.10.01"]
[Round "10.2"]
[White "Kashlinskaya, Alina"]
[Black "Goryachkina, Aleksandra"]
[Result "0-1"]
[WhiteTitle "IM"]
[BlackTitle "WGM"]
[WhiteElo "2446"]
[BlackElo "2478"]
[WhiteFideId "4198026"]
[BlackFideId "4147103"]
[EventDate "2017.09.30"]

1. d4 d5 2. c4 e6 3. Nf3 Nf6 4. Nc3 Be7 5. Bf4 O-O 6. e3 b6 7. Be2 Bb7 8. O-O
Nbd7 9. cxd5 exd5 10. h3 c5 11. dxc5 bxc5 12. Nh4 g6 13. Nf3 a6 14. Qb3 Qb6 15.
Qxb6 Nxb6 16. Rfd1 Rac8 17. Bg5 Kg7 18. Ne5 h6 19. Bf4 Rfd8 20. Bf3 Ne8 21. a4
a5 22. Nb5 f6 23. Nd3 g5 24. Bg3 Nd6 25. Bg4 Rc6 26. Rdc1 Ndc8 27. Nc7 Kf7 28.
Ne6 Rxe6 29. Bxe6+ Kxe6 30. Nxc5+ Bxc5 31. Rxc5 Nc4 32. b3 Nd2 33. Rd1 Nxb3 34.
Rb5 Bc6 35. Rb8 Bxa4 36. Rd3 Nc1 37. Ra3 Ne2+ 38. Kh2 Nxg3 39. Rxa4 Ne4 40. Rxa5
Ned6 41. Ra6 Kd7 42. Ra5 Ne7 43. Ra7+ Ke8 44. Rxd8+ Kxd8 45. Ra8+ Nec8 46. h4
Ke7 47. hxg5 hxg5 48. g4 Ke6 49. Kg3 Nb6 50. Ra6 Nbc4 51. Ra8 Ne4+ 52. Kg2 Ne5
53. Ra6+ Kf7 54. Ra7+ Ke6 55. Ra6+ Nd6 56. Kg3 Nd3 57. f4 Nc5 58. Ra8 Nce4+ 59.
Kf3 Nc4 60. Ra6+ Ke7 61. Ra7+ Kd6 62. Ra6+ Kc5 63. Ra8 Kb4 64. Rd8 Ncd6 65. Ra8
Kc4 66. Ra4+ Kc5 67. Ra5+ Nb5 68. Ra6 Nbc3 69. Ra8 Kc4 70. Rc8+ Kd3 71. Rd8 Nd2+
72. Kf2 Nd1+ 73. Kg3 Nxe3 74. Rf8 d4 75. fxg5 fxg5 76. Rd8 Ne4+ 77. Kf3 Nc4 78.
Re8 Ncd2+ 79. Kg2 Ke3 80. Rd8 d3 81. Rd5 Nc4 82. Kf1 d2 83. Kg2 Nb2 84. Kh3 Nd3
85. Rf5 Nf4+ 86. Kh2 d1=Q 0-1

[Event "ch-RUS Rapid Women 2017"]
[Site "Sochi RUS"]
[Date "2017.10.01"]
[Round "10.3"]
[White "Gritsayeva, Oksana"]
[Black "Ambartsumova, Karina"]
[Result "1/2-1/2"]
[WhiteTitle "WFM"]
[BlackTitle "WGM"]
[WhiteElo "2373"]
[BlackElo "2359"]
[WhiteFideId "14104652"]
[BlackFideId "4166299"]
[EventDate "2017.09.30"]

1. Nf3 Nf6 2. d4 g6 3. Bf4 Bg7 4. e3 O-O 5. h3 d6 6. Be2 Nc6 7. O-O Nd7 8. Bh2
e5 9. Nc3 Re8 10. dxe5 Ndxe5 11. Nxe5 Nxe5 12. Qd2 Be6 13. b3 a6 14. Rad1 Qd7
15. Nd5 f5 16. c4 Rad8 17. Qa5 c6 18. Nf4 Bf7 19. Rd2 Qe7 20. Rfd1 Rd7 21. Nd3
Nxd3 22. Rxd3 Red8 23. Bf3 Bf6 24. Qd2 Be5 25. Bxe5 Qxe5 26. Rd4 Kg7 27. Qc3 c5
28. R4d3 Qxc3 29. Rxc3 Kf6 30. Rcd3 Ke7 31. g4 Be6 32. Kg2 Rb8 33. a4 a5 34. Bd5
fxg4 35. Bxe6 Kxe6 36. hxg4 h5 37. gxh5 gxh5 38. f4 Rh8 39. Rd5 Rh6 40. Kh3 Ke7
41. Kh4 Ke6 42. e4 Rhh7 43. e5 Kf5 44. exd6+ Kxf4 45. Rxc5 Rh6 46. Rcd5 b6 47.
c5 bxc5 48. Rxc5 Rhxd6 49. Rf1+ Ke4 50. Rxa5 Rb6 51. Re1+ Kf4 52. Rf1+ Ke4 53.
Re1+ Kf4 54. Rf1+ 1/2-1/2

[Event "ch-RUS Rapid Women 2017"]
[Site "Sochi RUS"]
[Date "2017.10.01"]
[Round "10.4"]
[White "Bivol, Alina"]
[Black "Maltsevskaya, Aleksandra"]
[Result "1/2-1/2"]
[WhiteTitle "WGM"]
[WhiteElo "2375"]
[BlackElo "2271"]
[WhiteFideId "4100123"]
[BlackFideId "24174041"]
[EventDate "2017.09.30"]

1. e4 c5 2. Nf3 Nc6 3. Nc3 e6 4. g3 g6 5. Bg2 Bg7 6. O-O Nge7 7. d3 d5 8. exd5
exd5 9. Re1 O-O 10. h3 h6 11. Kh2 Be6 12. Ne2 g5 13. d4 b6 14. c3 Ng6 15. dxc5
bxc5 16. Be3 Qd6 17. Qa4 Rab8 18. Rad1 Rxb2 19. Nd2 d4 20. cxd4 cxd4 21. Nb3 Qb4
22. Qxb4 Nxb4 23. Nexd4 Bc8 24. a3 Nc2 25. Nxc2 Rxc2 26. Bc5 Bc3 27. Re3 Be6 28.
Bxf8 Bxb3 29. Bb4 Bxb4 30. axb4 Be6 31. Be4 Rxf2+ 32. Kg1 Rf6 33. Bxg6 Rxg6 34.
g4 Bc4 35. Re8+ Kg7 36. Rd4 Bb5 37. Rb8 a6 38. Rdd8 Rc6 39. Rh8 Rc1+ 40. Kf2
Rc2+ 41. Ke1 Re2+ 42. Kd1 Rh2 43. Rbg8+ Kf6 44. Rxh6+ Ke5 45. Rxg5+ Kd4 46. Rf5
Ke3 47. Rxf7 Bc4 48. Re7+ Kd3 49. Rd6+ Kc3 50. Re3+ Kxb4 51. g5 a5 52. g6 a4 53.
Rb6+ Kc5 54. Rf6 Rg2 55. h4 Kd4 56. Rh3 Rg1+ 57. Kd2 Rg2+ 58. Kc1 a3 59. Rf4+
Kc5 60. Rxa3 Rg1+ 61. Kd2 Kb4 62. Raf3 Rg2+ 63. Rf2 Rxg6 64. h5 Rd6+ 65. Ke3
Rd3+ 66. Ke4 Rh3 67. Rb2+ Kc3 68. Rff2 Bd3+ 69. Kf4 Rxh5 70. Kg4 Rh8 71. Ra2
Rg8+ 1/2-1/2

[Event "ch-RUS Rapid Women 2017"]
[Site "Sochi RUS"]
[Date "2017.10.01"]
[Round "10.5"]
[White "Nechaeva, Marina"]
[Black "Styazhkina, Anna"]
[Result "1-0"]
[WhiteTitle "IM"]
[BlackTitle "WIM"]
[WhiteElo "2431"]
[BlackElo "2301"]
[WhiteFideId "4149351"]
[BlackFideId "24119300"]
[EventDate "2017.09.30"]

1. d4 d5 2. c4 c6 3. Nc3 Nf6 4. e3 Bf5 5. Nf3 e6 6. Qb3 Qb6 7. c5 Qc7 8. Nh4 Be4
9. f3 Bg6 10. Nxg6 hxg6 11. g3 Nbd7 12. Qc2 Be7 13. Rb1 g5 14. b4 b5 15. cxb6
axb6 16. a4 Bd6 17. Rg1 e5 18. Rg2 g6 19. Kf2 Kf8 20. Kg1 Kg7 21. Qd1 Nf8 22.
Rc2 Qe7 23. dxe5 Bxe5 24. f4 Bd6 25. fxg5 Nh5 26. Ne2 Qxg5 27. e4 Qg4 28. Bb2+
f6 29. Rxc6 Rd8 30. exd5 Nh7 31. Nd4 Qe4 32. Ne6+ Kf7 33. Nxd8+ Rxd8 34. Qd3 Qe7
35. Bd4 Ng5 36. Bxb6 Rd7 37. Bc5 Bxc5+ 38. bxc5 Qe5 39. d6 Ne6 40. Rd1 Nxc5 41.
Qd5+ Ne6 42. Qxe5 fxe5 43. Bc4 Nf6 44. Rc7 1-0

[Event "ch-RUS Rapid Women 2017"]
[Site "Sochi RUS"]
[Date "2017.10.01"]
[Round "10.6"]
[White "Charochkina, Daria"]
[Black "Girya, Olga"]
[Result "1-0"]
[WhiteTitle "IM"]
[BlackTitle "WGM"]
[WhiteElo "2339"]
[BlackElo "2505"]
[WhiteFideId "4180917"]
[BlackFideId "4195752"]
[EventDate "2017.09.30"]

1. d4 d5 2. Bf4 c5 3. dxc5 Nc6 4. Nc3 e5 5. Bg3 Nf6 6. e3 Bxc5 7. Nf3 e4 8. Nd4
O-O 9. Nb3 Bb4 10. Qd2 Be6 11. a3 Be7 12. O-O-O Rc8 13. Bh4 Ne5 14. Be2 a6 15.
Kb1 Nc4 16. Bxc4 dxc4 17. Nd4 Bg4 18. f3 exf3 19. gxf3 Bh3 20. Qf2 Ne4 21. fxe4
Bxh4 22. Qf3 Bd7 23. Nf5 Bf6 24. Nd5 Bxf5 25. Qxf5 Re8 26. Rhf1 Re6 27. e5 g6
28. Nxf6+ Qxf6 29. Qxf6 1-0

[Event "ch-RUS Rapid Women 2017"]
[Site "Sochi RUS"]
[Date "2017.10.01"]
[Round "10.7"]
[White "Vasilevich, Tatjana"]
[Black "Drozdova, Dina"]
[Result "1-0"]
[WhiteTitle "IM"]
[BlackTitle "WIM"]
[WhiteElo "2360"]
[BlackElo "2223"]
[WhiteFideId "14101610"]
[BlackFideId "4170695"]
[EventDate "2017.09.30"]

1. d4 g6 2. c4 Bg7 3. e4 d6 4. Nc3 c5 5. Nge2 Nc6 6. d5 Nd4 7. Be3 Nxe2 8. Bxe2
Nf6 9. f3 a6 10. Qd2 Qa5 11. O-O O-O 12. a3 Qc7 13. b4 b6 14. Rab1 Bd7 15. a4 a5
16. bxc5 bxc5 17. Nb5 Qd8 18. Rb3 Ne8 19. Rfb1 Bc8 20. Qe1 Ba6 21. Bd2 Bc8 22.
Bd3 Bd7 23. f4 e5 24. dxe6 fxe6 25. Bc2 Qe7 26. g3 Bc6 27. Bxa5 g5 28. Rf3 gxf4
29. gxf4 Kh8 30. Bc3 Rg8 31. Rg3 Qf8 32. Qe3 Rd8 33. Rf1 Qf7 34. e5 Bxb5 35.
cxb5 Nc7 36. Qd3 Qf5 37. Qd1 Qf7 38. Qd3 Qf5 39. Qxf5 exf5 40. exd6 Rxd6 41.
Bxg7+ Rxg7 42. Rxg7 Kxg7 43. Bxf5 Rd4 44. b6 Na6 45. Bc2 Rd2 46. Rf2 Rd4 47. a5
c4 48. f5 Kf6 49. Re2 Rd5 50. Re6+ Kf7 51. b7 Nb8 52. Rh6 Rxa5 53. Rxh7+ Kf6 54.
Rh8 Ra1+ 55. Kf2 Nd7 56. Be4 Ra2+ 57. Ke3 Rb2 58. Bc6 Rb3+ 59. Kf4 c3 60. Bxd7
c2 61. Rc8 Rxb7 62. Be6 Rb2 63. h3 1-0

[Event "ch-RUS Rapid Women 2017"]
[Site "Sochi RUS"]
[Date "2017.10.01"]
[Round "10.8"]
[White "Kovanova, Baira"]
[Black "Tomilova, Elena"]
[Result "0-1"]
[WhiteTitle "WGM"]
[BlackTitle "WIM"]
[WhiteElo "2368"]
[BlackElo "2307"]
[WhiteFideId "4164083"]
[BlackFideId "4162340"]
[EventDate "2017.09.30"]

1. d4 d5 2. Nf3 Nf6 3. c4 c6 4. e3 Bf5 5. Nc3 e6 6. Be2 h6 7. O-O Nbd7 8. b3 Bd6
9. Bb2 O-O 10. h3 Qe7 11. Rc1 Ba3 12. Bxa3 Qxa3 13. Qd2 Ne4 14. Nxe4 Bxe4 15.
Ne1 Qe7 16. Bd3 Nf6 17. Qc2 a5 18. c5 e5 19. Qb2 Nd7 20. Bxe4 dxe4 21. Nc2 f5
22. b4 exd4 23. exd4 Nf6 24. Ne3 f4 25. Nc4 axb4 26. Ne5 Nd5 27. Rce1 Nc3 28.
Qxb4 Nd5 29. Qb2 f3 30. g3 Qe6 31. Kh2 e3 32. Qb3 e2 33. Rh1 Qf5 34. Qxb7 Rxa2
35. Qxc6 Rd8 36. Qb7 Rc2 37. c6 Nf4 38. Qb3+ Kh7 39. Qxf3 Rxd4 40. Ng4 h5 41.
Ne3 Qxh3+ 42. Kg1 Rd1 43. Qe4+ Kg8 44. Nxc2 Qf1+ 45. Kh2 Qxf2+ 0-1

[Event "ch-RUS Rapid Women 2017"]
[Site "Sochi RUS"]
[Date "2017.10.01"]
[Round "10.9"]
[White "Ubiennykh, Ekaterina"]
[Black "Shaydullina, Sandugach"]
[Result "1/2-1/2"]
[WhiteTitle "WIM"]
[BlackTitle "WGM"]
[WhiteElo "2308"]
[BlackElo "2185"]
[WhiteFideId "4137582"]
[BlackFideId "4140389"]
[EventDate "2017.09.30"]

1. d4 d5 2. c4 e6 3. Nc3 c6 4. e3 f5 5. Bd3 Nh6 6. Qc2 Bd6 7. Nge2 O-O 8. f3 Na6
9. a3 dxc4 10. Bxc4 b5 11. Bb3 b4 12. Na4 bxa3 13. bxa3 Rb8 14. O-O Qc7 15. g3
c5 16. Bd2 cxd4 17. Qxc7 Nxc7 18. Nxd4 Kh8 19. Rfb1 Bd7 20. Bc2 e5 21. Ne2 Bc6
22. Kf2 Rxb1 23. Rxb1 Bxa3 24. Ra1 Bd6 25. Nb2 e4 26. Nd4 Bd5 27. f4 a6 28. Ra5
Rb8 29. Nd1 g6 30. h3 Nf7 31. g4 fxg4 32. hxg4 g5 33. Nf5 Bb4 34. Bxb4 Rxb4 35.
Rc5 Rc4 36. Rxc4 Bxc4 37. Bxe4 a5 38. Nc3 Ne6 39. Kf3 Nc5 40. Bc6 Bd3 41. Bd5
Nd8 42. Nd4 gxf4 43. exf4 a4 44. Ke3 Ba6 45. f5 Kg7 46. Kf4 Nd3+ 47. Kg3 Kf6 48.
Nf3 Nc5 49. Kf4 Nd3+ 50. Ke3 a3 51. Ne4+ Kg7 52. f6+ Kh8 53. Nc3 Nb4 54. Bb3 Bc8
55. Nd4 Bxg4 56. Kf4 Bh5 57. Ndb5 Nd3+ 58. Kg3 Nc5 59. Bd5 Nd7 60. Nxa3 Nxf6 1/2-1/2

[Event "ch-RUS Rapid Women 2017"]
[Site "Sochi RUS"]
[Date "2017.10.01"]
[Round "10.10"]
[White "Kharmunova, Nadezhda"]
[Black "Voit, Daria"]
[Result "1-0"]
[WhiteTitle "WIM"]
[BlackTitle "FM"]
[WhiteElo "2199"]
[BlackElo "2387"]
[WhiteFideId "4195876"]
[BlackFideId "4182146"]
[EventDate "2017.09.30"]

1. Nf3 c5 2. e4 d6 3. g3 g6 4. Bg2 Bg7 5. O-O Nc6 6. c4 Bg4 7. h3 Bxf3 8. Bxf3
Qd7 9. Bg2 h5 10. Nc3 e6 11. d3 Nge7 12. Be3 Nd4 13. f4 f5 14. Rb1 Nec6 15. Re1
O-O 16. g4 fxg4 17. hxg4 e5 18. f5 hxg4 19. Qxg4 gxf5 20. exf5 Rxf5 21. Bd5+ Kf8
22. Rf1 Ke8 23. Qg6+ Kd8 24. Bxc6 bxc6 25. Bxd4 exd4 26. Rxf5 dxc3 27. Rf7 Bd4+
28. Kg2 1-0

[Event "ch-RUS Rapid Women 2017"]
[Site "Sochi RUS"]
[Date "2017.10.01"]
[Round "10.11"]
[White "Sukhareva, Evgeniya"]
[Black "Afanasieva, Alexandra"]
[Result "1-0"]
[BlackTitle "WFM"]
[WhiteElo "2207"]
[BlackElo "2112"]
[WhiteFideId "4167155"]
[BlackFideId "34126926"]
[EventDate "2017.09.30"]

1. d4 Nf6 2. c4 e6 3. Nc3 Bb4 4. Qc2 c5 5. Nf3 O-O 6. a3 Bxc3+ 7. bxc3 Nc6 8. e4
d6 9. e5 dxe5 10. dxe5 Nd7 11. Bf4 f6 12. exf6 Qxf6 13. Bg5 Qf7 14. Bd3 Qh5 15.
Be3 Nce5 16. Nxe5 Nxe5 17. Be2 Qh4 18. Bxc5 Rf7 19. O-O Bd7 20. Bd6 Qg5 21. Qc1
Qf5 22. f4 Ng4 23. Qd2 Bc6 24. Bd3 Be4 25. Bxe4 Qxe4 26. c5 Nf6 27. Rae1 Qf5 28.
Re5 Qg4 29. h3 Qh4 30. Rxe6 Nh5 31. Qe1 Qxe1 32. Rfxe1 h6 33. Re8+ Rxe8 34.
Rxe8+ Kh7 35. Re4 Ng3 36. Rb4 Ne2+ 37. Kf2 Nxc3 38. Rd4 Nb5 39. Rd3 Kg6 40. Be5
Kf5 41. Kf3 Ke6 42. Ke4 Rd7 43. Rxd7 Kxd7 44. Bxg7 h5 45. Bb2 Nc7 46. g4 hxg4
47. hxg4 Ne6 48. Bd4 Ke7 49. Be3 Ng7 50. f5 Kf7 51. Bf4 Ne8 52. g5 b6 53. c6 b5
54. c7 1-0

[Event "ch-RUS Rapid Women 2017"]
[Site "Sochi RUS"]
[Date "2017.10.01"]
[Round "10.12"]
[White "Goltseva, Ekaterina"]
[Black "Belenkaya, Dina"]
[Result "0-1"]
[WhiteTitle "WFM"]
[BlackTitle "WGM"]
[WhiteElo "2214"]
[BlackElo "2346"]
[WhiteFideId "24173770"]
[BlackFideId "24142654"]
[EventDate "2017.09.30"]

1. d4 d5 2. c4 dxc4 3. Nf3 Nf6 4. e3 e6 5. Bxc4 a6 6. O-O c5 7. dxc5 Qxd1 8.
Rxd1 Bxc5 9. Nbd2 b6 10. Nb3 Be7 11. Nbd4 Bb7 12. Ne5 Nbd7 13. Nxd7 Nxd7 14. a3
Rc8 15. Be2 Bf6 16. Bd2 Bxd4 17. exd4 Nf6 18. Rac1 Kd7 19. Bg5 b5 20. Bxf6 gxf6
21. Rc5 Bd5 22. Rdc1 Rc6 23. b4 Rhc8 24. f3 Kd6 25. Kf2 f5 26. g3 Rg8 27. Ra1
Bb3 28. f4 Rd8 29. Bf3 Rb6 30. Rac1 Bc4 31. a4 Ke7 32. Ke3 Rbd6 33. axb5 axb5
34. Rd1 Ra6 35. Rd2 Ra3+ 36. Kf2 Rb3 37. g4 fxg4 38. Bxg4 Rxb4 39. f5 Bd5 40.
fxe6 fxe6 41. Be2 Rf8+ 42. Ke3 Rb3+ 43. Rd3 Rxd3+ 44. Bxd3 b4 45. Rb5 Rf3+ 46.
Ke2 Rh3 47. Rxb4 Rxh2+ 48. Ke3 Kf6 49. Bc4 Rh3+ 50. Kf4 Rh4+ 51. Ke3 Be4 52. Rb6
Bf5 53. Bb3 Re4+ 54. Kd3 h5 55. Kc3 Re3+ 56. Kb2 Kg5 57. d5 e5 58. d6 Rd3 59.
Rb5 Kf4 60. Bd5 e4 61. Rc5 e3 62. Rc4+ Ke5 63. Bf3 Rxd6 64. Bxh5 Rd2+ 65. Kc1
Rh2 66. Bf3 Rf2 67. Bh5 Bd3 68. Rc8 Rf1+ 69. Kb2 Rb1+ 70. Ka2 Rb6 71. Re8+ Kd4
72. Rd8+ Kc3 73. Rc8+ Bc4+ 74. Ka1 Rh6 75. Rc5 Kd4 76. Ra5 Rb6 77. Ra3 Rh6 78.
Ra5 Rb6 79. Ra3 Rf6 80. Kb2 Rf2+ 81. Kc1 Rf1+ 82. Kc2 Rf2+ 83. Kc1 Bd3 84. Ra4+
Kc3 85. Ra3+ Kc4 86. Bg4 Rf1+ 87. Kb2 Rb1+ 88. Ka2 Rb8 89. Be6+ Kd4 90. Bg4 Rb6
91. Ka1 Bc4 92. Bh5 Bb3 93. Bg4 Kc3 94. Ra8 Bc4 95. Re8 Kd2 96. Rd8+ Kc1 97.
Rd1+ Kc2 98. Re1 Ra6# 0-1

[Event "ch-RUS Rapid Women 2017"]
[Site "Sochi RUS"]
[Date "2017.10.01"]
[Round "10.13"]
[White "Semenova, Elena1"]
[Black "Potapova, Margarita"]
[Result "0-1"]
[WhiteTitle "WIM"]
[BlackTitle "WFM"]
[WhiteElo "2284"]
[BlackElo "2187"]
[WhiteFideId "24125148"]
[BlackFideId "14126869"]
[EventDate "2017.09.30"]

1. e4 c5 2. Nf3 d6 3. d4 cxd4 4. Nxd4 Nf6 5. Nc3 a6 6. f4 Nbd7 7. a4 g6 8. Nf3
Bg7 9. Bc4 Qa5 10. Bd2 Qc5 11. Qe2 O-O 12. a5 b5 13. axb6 Nxb6 14. Bd3 Be6 15.
Be3 Qb4 16. O-O Ng4 17. Bd2 Nc4 18. Nd5 Qc5+ 19. Kh1 Bxd5 20. exd5 Nxd2 21. Nxd2
Ne3 22. Nb3 Qb6 23. Rf3 Nxd5 24. Be4 e6 25. f5 Bxb2 26. Bxd5 exd5 27. Raf1 Be5
28. Qd2 a5 29. f6 a4 30. Na1 a3 31. Qh6 Bxf6 32. Rxf6 Qb2 33. R6f3 a2 34. Qd2
Qe5 35. Re3 Qg5 36. Qf2 f5 37. Rd3 f4 38. Qf3 Rab8 39. Rb3 Rbe8 40. h3 Re5 41.
Rd3 Rb8 42. Rdd1 Re4 43. Nb3 Qe5 44. Qd3 Re3 45. Qxd5+ Qxd5 46. Rxd5 Re2 47. Rd2
Rxd2 48. Nxd2 Rb2 49. Rc1 Rxc2 50. Rxc2 a1=Q+ 51. Kh2 Qd1 52. Rc8+ Kg7 53. Nf3
Qd5 54. Rc7+ Kg8 55. h4 h6 56. Ra7 Qc5 57. Rd7 Qc6 58. Ra7 Qb6 59. Rd7 Qc6 60.
Ra7 Qe4 61. Rd7 Qe6 62. Ra7 Qf6 63. Ra8+ Kf7 64. Ra7+ Ke8 65. Kh3 Qf5+ 66. Kh2
Qf6 67. Kh3 g5 68. hxg5 hxg5 69. Kg4 Qe6+ 70. Kxg5 Qg8+ 71. Kxf4 Qxg2 72. Nd4
Qh2+ 73. Ke4 Qe5+ 74. Kd3 d5 75. Ra8+ Kf7 76. Ra7+ Kg8 77. Ra8+ Kh7 78. Ra7+ Kh6
79. Re7 Qg3+ 80. Re3 Qg6+ 81. Kd2 Qb1 82. Rf3 Qb4+ 83. Ke3 Qc3+ 84. Ke2 Qxd4 85.
Rd3 Qc4 86. Kd2 Kg5 87. Rc3 Qd4+ 88. Rd3 Qe4 89. Kc3 Qc4+ 90. Kd2 Kf5 91. Ke3
Qe4+ 92. Kd2 Qf4+ 93. Kc3 Qc4+ 94. Kd2 Ke5 95. Ke3 Qe4+ 96. Kd2 Kd6 97. Kc3 Kc5
98. Kd2 d4 99. Ra3 Kb4 100. Ra7 Qe3+ 101. Kd1 Qg1+ 102. Kd2 Qf2+ 103. Kd1 d3
104. Rb7+ Ka5 105. Re7 Qc2+ 106. Ke1 d2+ 0-1

[Event "ch-RUS Rapid Women 2017"]
[Site "Sochi RUS"]
[Date "2017.10.01"]
[Round "10.14"]
[White "Demchenko, Alisa"]
[Black "Bykova, Anastasia"]
[Result "0-1"]
[BlackTitle "WFM"]
[WhiteElo "1978"]
[BlackElo "2234"]
[WhiteFideId "34100080"]
[BlackFideId "4164970"]
[EventDate "2017.09.30"]

1. d4 d5 2. c4 c6 3. e3 Nf6 4. Nf3 g6 5. Nc3 Bg7 6. h3 O-O 7. Bd3 c5 8. O-O cxd4
9. exd4 Nc6 10. Re1 dxc4 11. Bxc4 b6 12. a3 Bb7 13. Bg5 Rc8 14. Ba2 Rc7 15. Qe2
a6 16. Rad1 Na7 17. d5 Qa8 18. Bf4 Rd7 19. Ne5 Rdd8 20. Rd2 Nxd5 21. Nxd5 Bxd5
22. Bxd5 Rxd5 23. Rxd5 Qxd5 24. Qxa6 Nc8 25. b4 g5 26. Bg3 f5 27. f4 gxf4 28.
Bxf4 Qd4+ 29. Be3 Qxe5 30. Qf1 Qc3 31. Bg5 Bf6 32. Bh6 Rd8 33. Qe2 Qd4+ 34. Kh1
Qd5 35. Rf1 Nd6 36. Qe3 Ne4 37. Bf4 b5 38. Qf3 Qd3 39. Qh5 Qxf1+ 0-1

[Event "ch-RUS Rapid Women 2017"]
[Site "Sochi RUS"]
[Date "2017.10.01"]
[Round "10.15"]
[White "Bezgodova, Svetlana"]
[Black "Shafigullina, Zarina"]
[Result "1-0"]
[WhiteTitle "WIM"]
[BlackTitle "WFM"]
[WhiteElo "2060"]
[BlackElo "2130"]
[WhiteFideId "4110650"]
[BlackFideId "24174220"]
[EventDate "2017.09.30"]

1. Nf3 Nf6 2. g3 b6 3. Bg2 Bb7 4. O-O e6 5. d3 Be7 6. Nbd2 O-O 7. e4 d6 8. a4
Nbd7 9. b3 a5 10. Bb2 e5 11. Nh4 d5 12. Nf5 Bb4 13. exd5 Bxd2 14. Qxd2 Bxd5 15.
Qg5 g6 16. Nh6+ Kg7 17. Bh3 Be6 18. Bxe6 fxe6 19. Rae1 Nd5 20. Qd2 N5f6 21. f4
exf4 22. Rxf4 e5 23. Rh4 Qe7 24. d4 e4 25. c4 Rae8 26. Qg5 Nh5 27. d5+ Ne5 28.
Rxh5 Qxg5 29. Rxg5 Kf6 30. h4 1-0

[Event "ch-RUS Rapid Women 2017"]
[Site "Sochi RUS"]
[Date "2017.10.01"]
[Round "10.16"]
[White "Markelova, Lubov"]
[Black "Belova, Olga"]
[Result "1/2-1/2"]
[WhiteTitle "WFM"]
[BlackTitle "WFM"]
[WhiteElo "2115"]
[BlackElo "2096"]
[WhiteFideId "24131369"]
[BlackFideId "4138422"]
[EventDate "2017.09.30"]

1. Nf3 d5 2. d4 Nf6 3. c4 c6 4. e3 Bg4 5. Qb3 Qb6 6. Nc3 e6 7. Nh4 Be7 8. h3 Bh5
9. g4 Bg6 10. Nxg6 hxg6 11. Bg2 Nbd7 12. O-O g5 13. Rd1 Qxb3 14. axb3 Ne4 15.
Nxe4 dxe4 16. Bxe4 Rxh3 17. Kg2 Rh4 18. f3 Bd6 19. Rh1 Rxh1 20. Kxh1 Ke7 21. f4
Rh8+ 22. Kg2 a6 23. Bd2 gxf4 24. exf4 g5 25. Rf1 Nf6 26. Bf3 gxf4 27. d5 cxd5
28. Bc3 Rg8 29. Bxf6+ Kxf6 30. cxd5 e5 31. Rc1 Ke7 32. Kf2 Rh8 33. Kg2 Rg8 34.
Kf2 Kd7 35. Rc4 Be7 36. Rc1 Kd6 37. Ke2 Kd7 38. Kd3 Rh8 39. Rh1 Rxh1 40. Bxh1
Bc5 41. d6 b6 42. Bb7 a5 43. Ke4 Kxd6 44. g5 Bd4 45. Bd5 f3 46. Bxf7 f2 47. Bc4
Ke7 48. Kf3 Kf8 49. g6 Kg7 50. Bd3 b5 51. Ke2 b4 52. Bb5 Kxg6 53. Bd3+ Kg5 54.
Kf3 Kh4 55. Bf1 Bc5 56. Bg2 e4+ 57. Kxe4 Kg3 58. Bf1 Kh2 59. Kf3 Kg1 60. Ke2 Bd4
61. Bh3 Bxb2 62. Bf1 Bd4 63. Bh3 Bc3 64. Bf1 Be5 65. Bh3 a4 66. bxa4 b3 67. Kd2
Kh2 68. Bf1 Kg3 69. a5 Kf4 70. a6 Bd4 71. a7 Bxa7 1/2-1/2

[Event "ch-RUS Rapid Women 2017"]
[Site "Sochi RUS"]
[Date "2017.10.01"]
[Round "11.1"]
[White "Goryachkina, Aleksandra"]
[Black "Bodnaruk, Anastasia"]
[Result "1/2-1/2"]
[WhiteTitle "WGM"]
[BlackTitle "IM"]
[WhiteElo "2478"]
[BlackElo "2432"]
[WhiteFideId "4147103"]
[BlackFideId "4181751"]
[EventDate "2017.09.30"]

1. d4 Nf6 2. c4 g6 3. Nc3 Bg7 4. e4 d6 5. h3 O-O 6. Be3 e5 7. d5 a5 8. g4 Na6 9.
Nf3 Nd7 10. Rg1 Ndc5 11. a3 a4 12. Nd2 Bd7 13. Qc2 Kh8 14. g5 f5 15. f3 fxe4 16.
fxe4 Nb3 17. Nxb3 axb3 18. Qd1 Nc5 19. Bxc5 dxc5 20. Be2 h5 21. Qxb3 Bxh3 22.
O-O-O b6 23. Rd3 Bd7 24. Qd1 Kg8 25. Kb1 Rf4 26. Bf1 Bg4 27. Be2 Bd7 28. Bf1 Bg4
29. Be2 Bd7 30. Bf1 1/2-1/2

[Event "ch-RUS Rapid Women 2017"]
[Site "Sochi RUS"]
[Date "2017.10.01"]
[Round "11.2"]
[White "Ambartsumova, Karina"]
[Black "Pogonina, Natalija"]
[Result "1/2-1/2"]
[WhiteTitle "WGM"]
[BlackTitle "WGM"]
[WhiteElo "2359"]
[BlackElo "2466"]
[WhiteFideId "4166299"]
[BlackFideId "4147855"]
[EventDate "2017.09.30"]

1. e4 e5 2. Nf3 Nc6 3. Bb5 Nf6 4. d3 Bc5 5. Bxc6 dxc6 6. Nbd2 O-O 7. Nc4 Nd7 8.
Qe2 Re8 9. O-O Bf8 10. Bd2 b5 11. Ne3 Nc5 12. Rad1 Ne6 13. g3 c5 14. c3 f6 15.
Nf5 a5 16. Be3 Ba6 17. Qc2 Qc8 18. Nd2 Qb7 19. f3 Rad8 20. Rfe1 Rd7 21. Nb3 a4
22. Nc1 Red8 23. b3 axb3 24. axb3 Kh8 25. Qf2 c4 26. Qc2 cxb3 27. Qxb3 Nc5 28.
Qc2 b4 29. Bxc5 Bxc5+ 30. d4 exd4 31. cxd4 Bxd4+ 32. Nxd4 Rxd4 33. Rxd4 Rxd4 34.
Qc5 Rd8 35. Nb3 h6 36. Na5 Qb5 37. Qxb5 Bxb5 38. Rb1 c5 39. Nb7 Rc8 40. Nd6 Rb8
41. Nxb5 Rxb5 42. Kf2 Ra5 43. f4 Kg8 44. Ke2 c4 45. Rxb4 Ra2+ 46. Ke3 c3 47. Rc4
Rxh2 1/2-1/2

[Event "ch-RUS Rapid Women 2017"]
[Site "Sochi RUS"]
[Date "2017.10.01"]
[Round "11.3"]
[White "Kashlinskaya, Alina"]
[Black "Nechaeva, Marina"]
[Result "0-1"]
[WhiteTitle "IM"]
[BlackTitle "IM"]
[WhiteElo "2446"]
[BlackElo "2431"]
[WhiteFideId "4198026"]
[BlackFideId "4149351"]
[EventDate "2017.09.30"]

1. d4 d5 2. c4 c6 3. Nf3 Nf6 4. Nc3 e6 5. Bg5 Nbd7 6. e3 Qa5 7. Nd2 Bb4 8. Rc1
Ne4 9. Ncxe4 dxe4 10. Bh4 Qxa2 11. Be2 Qa5 12. O-O Bxd2 13. Ra1 Qb4 14. Qc2 Qd6
15. Qxd2 O-O 16. Qc2 f5 17. f3 exf3 18. Rxf3 c5 19. Rd1 cxd4 20. Rxd4 Qc5 21.
Qd2 Ne5 22. Rg3 Ng6 23. b4 Qc7 24. Bd8 Qf7 25. c5 e5 26. Rd6 Be6 27. Bh5 Qe8 28.
Bxg6 hxg6 29. Bg5 Rc8 30. Rh3 a5 31. bxa5 Rxc5 32. Rd8 Qf7 33. Qd6 Rc1+ 34. Kf2
Re8 35. Be7 Rc8 36. Rh4 Rexd8 37. Bxd8 Bd7 38. Bb6 Qa2+ 39. Kg3 f4+ 40. Kf3 Bc6+
41. e4 Bxe4+ 42. Kxe4 Qe2+ 43. Be3 Qxe3+ 44. Kd5 Qd4+ 45. Ke6 Rc6 0-1

[Event "ch-RUS Rapid Women 2017"]
[Site "Sochi RUS"]
[Date "2017.10.01"]
[Round "11.4"]
[White "Bivol, Alina"]
[Black "Gritsayeva, Oksana"]
[Result "1/2-1/2"]
[WhiteTitle "WGM"]
[BlackTitle "WFM"]
[WhiteElo "2375"]
[BlackElo "2373"]
[WhiteFideId "4100123"]
[BlackFideId "14104652"]
[EventDate "2017.09.30"]

1. e4 d6 2. d4 Nf6 3. Nc3 e5 4. Nf3 exd4 5. Nxd4 g6 6. Be2 Bg7 7. O-O O-O 8. Be3
Re8 9. f3 Nc6 10. Qd2 Bd7 11. Rad1 a6 12. a4 Ne5 13. h3 Rb8 14. f4 Nc6 15. Bf3
Nxd4 16. Bxd4 Bc6 17. e5 dxe5 18. Bxe5 Bxf3 19. Rxf3 Qxd2 20. Rxd2 Rbc8 21. g4
h6 22. Kg2 Re6 23. Rfd3 c6 24. Rd8+ Rxd8 25. Rxd8+ Kh7 26. Kf3 b5 27. axb5 axb5
28. Ne2 c5 29. Rc8 Nd7 30. Bxg7 Kxg7 31. Nc3 g5 32. f5 Rd6 33. Ne4 Rd5 34. b3 c4
35. bxc4 Ne5+ 36. Ke2 Nxc4 37. Rg8+ Kxg8 38. Nf6+ 1/2-1/2